| Поле | Инд. | ПП | Название | Значение |
|---|---|---|---|---|
| Тип записи | a | |||
| Библиографический уровень | m | |||
| 001 | Контрольный номер | cf867442-11a8-4b34-bbb6-7aa23143d29e | ||
| 005 | Дата корректировки | 20140226125935.8 | ||
| 008 | Кодируемые данные | 950630s1995 rur 00000 rus d | ||
| 020 | a | ISBN | 5-7107-0655-8.-ISBN 5-7107-0606-х | |
| c | Цена, тираж | 5000 | ||
| 041 | a | Код языка текста | rus | |
| 080 | a | Индекс УДК | 53(075.3) | |
| 084 | a | Индекс другой классификации/Индекс ББК | В3я92 | |
| 090 | c | Каталожный индекс | В3я92 | |
| x | Авторский знак | Г83 | ||
| a | Полочн. индекс | В3я92 | ||
| 100 | a | Автор | Григорьев Владимир Иванович | |
| 245 | 00 | a | Заглавие | Занимательная физика |
| b | Продолж. заглавия | Эра классич. физики | ||
| c | Ответственность | В.И. Григорьев, Г.Я. Мякишев | ||
| 260 | 0_ | a | Место издания | Москва |
| b | Издательство | Изд. дом "Дрофа" | ||
| c | Дата издания | 1996 | ||
| 300 | a | Объем | 204,[2] с. | |
| b | Иллюстрации/ тип воспроизводства | ил. | ||
| 440 | a | Серия | Хочу все знать | |
| 650 | a | Основная рубрика | Физика занимательная | |
| 653 | a | Ключевые слова | Физика | |
| 700 | 1_ | a | Другие авторы | Мякишев Геннадий Яковлевич |
| 852 | t | Порядковый номер экземпляра | 1 | |
| p | Инвентарный номер | 672093 | ||
| 954 | a | Дата поступления на обработку | 27.06.96 | |
| 999 | a | Подразделение 2 | Фил3 |